Managerial Economics and Financial Accounting. (Record no. 2789)

MARC details
005 - DATE AND TIME OF LATEST TRANSACTION
control field 20250528150211.0
020 ## - INTERNATIONAL STANDARD BOOK NUMBER
International Standard Book Number 978-81-203-3321-5
082 ## - DEWEY DECIMAL CLASSIFICATION NUMBER
Classification number 330.024 RED
100 ## - MAIN ENTRY--PERSONAL NAME
Author name REDDY, M. K.
245 ## - TITLE STATEMENT
Title Managerial Economics and Financial Accounting.
250 ## - EDITION STATEMENT
Edition statement 2rd Ed
260 ## - PUBLICATION, DISTRIBUTION, ETC.
Place of publication, distribution, etc. New Delhi,
Name of publisher, distributor, etc. PHI Learning,
Date of publication, distribution, etc. 2012.
300 ## - PHYSICAL DESCRIPTION
Extent xiv, 578p.: ill.; figure, table
Other physical details Glossary & Index
Dimensions 24cm.
700 ## - ADDED ENTRY--PERSONAL NAME
Other authors/Editors SARASWATHI, S.
856 ## - ELECTRONIC LOCATION AND ACCESS
Link text Access Online Book
Electronic name Financial Accounting
Path www.phindia.com
942 ## - ADDED ENTRY ELEMENTS (KOHA)
Source of classification or shelving scheme Dewey Decimal Classification
Koha item type Books
Holdings
Date last seen Total checkouts Full call number Barcode Cost, replacement price Price effective from Koha item type Lost status Source of classification or shelving scheme Damaged status Not for loan Withdrawn status Home library Current library Shelving location Date acquired Cost, normal purchase price
06/27/2025   330RED DOM000233 135000.00 06/27/2025 Books   Dewey Decimal Classification       CBE Dodoma CBE Dodoma General Collection 06/06/2015 45000.00
05/28/2025   330.024 RED 00000010380 135000.00 05/28/2025 Books   Dewey Decimal Classification       College of Business Education Main Library College of Business Education Main Library Special Reserve Collection 06/06/2015 45000.00